Wszyscy Mistrzowie Ligi Hiszpańskiej" La ligi" - Statystyki

Ogólne statystyki
  • Ten quiz został rozwiązany 952 razy
    733 od ostatniego zresetowania
  • Średni wynik to 83 z 93
Statystyki odpowiedzi
Sezon Klub % Poprawnych
1931/32 Real Madryt
100%
1932/33 Real Madryt
100%
1953/54 Real Madryt
100%
1954/55 Real Madryt
100%
1956/57 Real Madryt
100%
1957/58 Real Madryt
100%
1960/61 Real Madryt
100%
1961/62 Real Madryt
100%
1962/63 Real Madryt
100%
1963/64 Real Madryt
100%
1964/65 Real Madryt
100%
1966/67 Real Madryt
100%
1967/68 Real Madryt
100%
1968/69 Real Madryt
100%
1971/72 Real Madryt
100%
1974/75 Real Madryt
100%
1975/76 Real Madryt
100%
1977/78 Real Madryt
100%
1978/79 Real Madryt
100%
1979/80 Real Madryt
100%
1985/86 Real Madryt
100%
1986/87 Real Madryt
100%
1987/88 Real Madryt
100%
1988/89 Real Madryt
100%
1989/90 Real Madryt
100%
1994/95 Real Madryt
100%
1996/97 Real Madryt
100%
2000/01 Real Madryt
100%
2002/03 Real Madryt
100%
2006/07 Real Madryt
100%
2007/08 Real Madryt
100%
2011/12 Real Madryt
100%
2016/17 Real Madryt
100%
2019/20 Real Madryt
100%
2021/22 Real Madryt
100%
2023/24 Real Madryt
100%
1928/29 FC Barcelona
99%
1944/45 FC Barcelona
99%
1947/48 FC Barcelona
99%
1948/49 FC Barcelona
99%
1951/52 FC Barcelona
99%
1952/53 FC Barcelona
99%
1958/59 FC Barcelona
99%
1959/60 FC Barcelona
99%
1973/74 FC Barcelona
99%
1984/85 FC Barcelona
99%
1990/91 FC Barcelona
99%
1991/92 FC Barcelona
99%
1992/93 FC Barcelona
99%
1993/94 FC Barcelona
99%
1997/98 FC Barcelona
99%
1998/99 FC Barcelona
99%
2004/05 FC Barcelona
99%
2005/06 FC Barcelona
99%
2008/09 FC Barcelona
99%
2009/10 FC Barcelona
99%
2010/11 FC Barcelona
99%
2012/13 FC Barcelona
99%
2014/15 FC Barcelona
99%
2015/16 FC Barcelona
99%
2017/18 FC Barcelona
99%
2018/19 FC Barcelona
99%
2022/23 FC Barcelona
99%
1939/40 Atletico Madryt
93%
1940/41 Atletico Madryt
93%
1949/50 Atletico Madryt
93%
1950/51 Atletico Madryt
93%
1965/66 Atletico Madryt
93%
1969/70 Atletico Madryt
93%
1972/73 Atletico Madryt
93%
1976/77 Atletico Madryt
93%
1995/96 Atletico Madryt
93%
2013/14 Atletico Madryt
93%
2020/21 Atletico Madryt
93%
1929/30 Athletic Bilbao
61%
1930/31 Athletic Bilbao
61%
1933/34 Athletic Bilbao
61%
1935/36 Athletic Bilbao
61%
1942/43 Athletic Bilbao
61%
1955/56 Athletic Bilbao
61%
1982/83 Athletic Bilbao
61%
1983/84 Athletic Bilbao
61%
1934/35 Real Betis
56%
1980/81 Real Sociedad
56%
1981/82 Real Sociedad
56%
1999/00 Deportivo La Coruna
54%
1941/42 Valencia CF
39%
1943/44 Valencia CF
39%
1946/47 Valencia CF
39%
1970/71 Valencia CF
39%
2001/02 Valencia CF
39%
2003/04 Valencia CF
39%
1945/46 Sevilla FC
34%
Nie znaleziono quizów pasujących do podanych kryteriów
Rozkład punktacji
Procent ludzi z każdym wynikiem
Percentyl według liczby udzielonych odpowiedzi
Twoja historia wyników
Nie rozwiązałeś tego quizu od ostatniego zresetowania